Statistics for French Colonies

Click here to take the quiz!

General Stats

  • This quiz has been taken 25 times
  • The average score is 5 of 9

Answer Stats

Colony NameColony Name% Correct
New FranceCanada
68%
DahomeyBenin
64%
French Upper VoltaBurkina Faso
64%
CochinchinaVietnam
64%
New Hebrides (Nouvelles Hebrides)Vanuatu
55%
French SudanMali
50%
Oubangui-ChariCentral African Republic
45%
French Territory of the Afars and the IssasDjibouti
32%
Isle de FranceMauritius
32%

Score Distribution

Percentile by Number Answered

Percent of People with Each Score

Your Score History

You have not taken this quiz